000 00649nam a2200277Ia 4500
005 20260324123609.0
008 008 260324s9999 xx 000 0 eng d
020 _a9781315092218
037 _aEBOOK
040 _aCRL
040 _beng
040 _cCRL
041 _2eng
041 _aeng
084 _qCRL
100 _aJon Hargreaves
_91170917
245 0 _aKaija Saariaho: Visions, Narratives, Dialogues
260 _bTaylor and Francis
260 _c2011
365 _a
365 _b255
856 _uhttp://www.taylorfrancis.com/books/9781315092218
942 _cEBOOK
999 _c1764586
_d1764586